000 01163nam a2200301 i 4500
001 bg
100 1 _aRoeske, Wolfgang.
245 1 0 _aDezynfekcja wody pitnej :
_bpodstawy, metody, urządzenia, przyrządy, mikrobiologia, chlorowanie, ozonowanie, dezynfekcja UV, filtracja memvranowa, kontrola jakości /
_cWolfgang Roeske ; przekł. Jan Dziurka, Aleksander Hodowański.
246 1 _iTyt. oryg. :
_aTrinkwasserdesinfektion
260 _aBydgoszcz :
_bOficyna Wydawnicza Projprzemeko,
_c2007.
300 _a255 s. :
_bil ;
_c21 cm.
504 _aBibliogr. s. 243-248. Indeks.
650 _aUzdatnianie wody
655 _aPoradniki
700 1 _aDziurka, Jan.
_eTł.
700 1 _aHodowański, Aleksander.
_eTł.
020 _a9788392219453
020 _a9783835631199 (oryg.)
040 _cBPK
041 1 _apol
_hger
044 _aPOL
080 _a628.16(083.1)
920 _a978-83-922194-5-3
920 _a978-3-8356-3119-9 (oryg.)
942 _cKS
008 s pl f |000 0 pol
999 _c54600
_d54600
856 _uhttp://koha.tu.koszalin.pl/cgi-bin/koha/opac-detail.pl?biblionumber=54600
_yKatalog online BPK